| 000 | 01183nam0a22002651 4500 | ||
|---|---|---|---|
| 001 | rc\3981937 | ||
| 005 | 20130415122156.8 | ||
| 035 | _a(NLR Aleph) 007936064 | ||
| 090 |
_a8249214 _c8249214 |
||
| 100 | _a20130415d1955 |||y0rusy50 ca | ||
| 101 | 0 | _arus | |
| 102 | _aRU | ||
| 105 | _ay z ||||| | ||
| 200 | 1 |
_a[Об особом анатомическом образовании - глоточно-пищеводном валике и его иннервации верхним гортанным нервом] _fСталинградск. гос. пед. ин-т им. А.С. Серафимовича |
|
| 210 |
_aСталинград _cБ. и. _d1955 |
||
| 215 |
_a42-44 с. _d20 |
||
| 300 | _aЭкз. РНБ (302 Г-4/905): с автографом авт. | ||
| 300 | _aНа 1-й с. текста перед загл. авт.: Г.Я. Прийма, доц., канд. мед. наук | ||
| 300 | _aОтт. из: Тезисы докладов X-й Науч. конференции | ||
| 700 | 1 |
_aПрийма _bГ. Я. _gГригорий Яковлевич |
|
| 801 | 0 |
_aRU _bNLR _gpsbo |
|
| 801 | 1 |
_aRU _bELAR _2rusmarc |
|
| 852 |
_aNLR _jЗ02 Г-4/905 |
||
| 942 | _cBOOK | ||
| 980 | _aNB | ||